Rhymes With Home Quiz Stats

 Plays Quiz Updated Aug 10, 2018

Also try: Rhymes With Ox
Challenge
Share
Tweet
Embed
Score 0/14 Timer 03:00
0 Plays Today
% Correct
dome
92%
foam
89.2%
roam
84%
tome
78.7%
gnome
75.3%
comb
74.3%
loam
70.4%
% Correct
chrome
49.8%
pome
40.3%
mome
31.5%
ohm
27.9%
brome
27.5%
om
26.1%
gloam
24%

You're not logged in!

Compare scores with friends on all Sporcle quizzes.
OR
Log In

You Might Also Like...

Show Comments

Extras

Top Quizzes Today


Score Distribution

Your Account Isn't Verified!

In order to create a playlist on Sporcle, you need to verify the email address you used during registration. Go to your Sporcle Settings to finish the process.

Report this User

Report this user for behavior that violates our Community Guidelines.

Details: